000 00623na a2200217 4500
001 19607
003 MIRAKIL
005 20181213155110.0
008 161220b tu 000 0
020 _a9789944512886
040 _aMilas
_btur
_cTR-AnCHP
041 _atur
082 _a378.16
_bO67 2010
090 _a378.16 O67 2010
245 _aOrtaöğretime ve yükseköğretime geçiş sistemi
_bözet rapor
_cTürk Eğitim Derneği
260 _aAnkara
_bTürk Eğitim Derneği
_c2010
300 _a64 s.
_btbl. ; grf.
_c24 sm.
500 _aKaynakça var.
710 _aTürk Eğitim Derneği
942 _2ddc
_cBKS
999 _c6524
_d6524